000 00203 a2200097 4500
001 15060
100 _aGibbon monk
245 _aAustria
260 _aLondon
_bB T Batsford ltd
_c
090 _c11815
_d11815
942 _aNUST-CAE
_cM
_c2020
999 _c250133
_d250133